The primary speller : (Record no. 15299)

MARC details
000 -LEADER
fixed length control field 00690cam a22002171a 4500
001 - CONTROL NUMBER
control field ca 17003455
003 - CONTROL NUMBER IDENTIFIER
control field DLC
005 - DATE AND TIME OF LATEST TRANSACTION
control field 20260227111106.0
008 - FIXED-LENGTH DATA ELEMENTS--GENERAL INFORMATION
fixed length control field 890630s1868 xx 000 0 eng
010 ## - LIBRARY OF CONGRESS CONTROL NUMBER
LC control number ca 17003455
035 ## - SYSTEM CONTROL NUMBER
System control number (OCoLC)19953775
040 ## - CATALOGING SOURCE
Original cataloging agency DLC
Transcribing agency CoD
Modifying agency DLC
042 ## - AUTHENTICATION CODE
Authentication code premarc
050 00 - LIBRARY OF CONGRESS CALL NUMBER
Classification number PE1145
Item number .M5
100 1# - MAIN ENTRY--PERSONAL NAME
Personal name Martindale, Joseph C.
245 14 - TITLE STATEMENT
Title The primary speller :
Remainder of title for young children. Designed as an introduction to th author's common school speller. /
Statement of responsibility, etc. By Joseph C. Martindale...
260 ## - PUBLICATION, DISTRIBUTION, ETC.
Place of publication, distribution, etc. Philadelphia :
Name of publisher, distributor, etc. E. H. Buttler & co.,
Date of publication, distribution, etc. 1868.
300 ## - PHYSICAL DESCRIPTION
Extent 95 p. :
Other physical details ill. ;
Dimensions 18 cm.
490 0# - SERIES STATEMENT
Series statement Martindale's series of spellers.
650 #0 - SUBJECT ADDED ENTRY--TOPICAL TERM
Topical term or geographic name entry element Spellers.

No items available.

Powered by Koha